000 00551nam a2200157 a 4500
008 120416s1981 ||||||||||||||||| || u
020 _a034024187X
050 _aQE 28 Ath
100 _aAtherton, Michael
245 1 0 _aStudy the earth: rocks and earth history
260 _aLondon
_bHodder and Stoughton
_c1981
300 _a80p. : ill
350 _a0.00
650 _aGEOLOGY--STUDY AND TEACHING
995 _D0.00
_FCBU-MAIN LIBRARY (Kitwe)
_H1
_I0.00
_UAVAILABLE
_ZAnnex Low-Usage Collection
999 _c59000
_d59000